000 00704nam a2200217 i 4500
001 181649
003 ES-MaACL
005 20250822063229.0
008 130306s1968 sp |||| | cat d
080 _a908(467.13 Ampurdán)
100 1 _aPla, Josep,
_d1897-1981
_9164614
245 1 3 _aEl meu país /
_cJosep Pla.
260 _aBarcelona :
_bDestino,
_c1968.
300 _a741 p. ;
_c18 cm.
490 1 _aObra completa de Josep Pla ;
_v7
505 8 _aContiene: Reflexions sobre l'Empordà ; La substància ; El meu poble
651 4 _aEmpordà-
_xDescripción.
_9152431
830 1 _aObra completa de Josep Pla ;
_v7
_9191524
852 4 _aES-MaACL
_jJ-46(7)
999 _c181649
_d181649